000 00504nam a2200169Ia 4500
003 IN-BaIIA
008 211028s9999 xx 000 0 eng d
040 _cIIA Library
080 _a681.3
_bBER
100 _aBerkeley, E. C.
_92282
245 0 _aGiant brains or machines that think
_cE. C. Berkeley
260 _aNew York,
_bJohn Wiley & Sons
_c1949
300 _axvi, 270p.
650 _aComputers
_92283
650 _aNASA ThesaurusRadar
_92284
942 _cBK
999 _c1064
_d1064